Fundamentals of Office practice (Record no. 3345)

MARC details
005 - DATE AND TIME OF LATEST TRANSACTION
control field 20250606145430.0
020 ## - INTERNATIONAL STANDARD BOOK NUMBER
International Standard Book Number 978-9987-95-2
082 ## - DEWEY DECIMAL CLASSIFICATION NUMBER
Classification number 651.3 SAM
100 ## - MAIN ENTRY--PERSONAL NAME
Author name SAMA H.K.
245 ## - TITLE STATEMENT
Title Fundamentals of Office practice
260 ## - PUBLICATION, DISTRIBUTION, ETC.
Place of publication, distribution, etc. Dodoma
Name of publisher, distributor, etc. Niim Computers & Graphics
Date of publication, distribution, etc. 2010
300 ## - PHYSICAL DESCRIPTION
Extent xii,274p.
Dimensions 20cm
942 ## - ADDED ENTRY ELEMENTS (KOHA)
Source of classification or shelving scheme Dewey Decimal Classification
Koha item type Books
Holdings
Date last seen Total checkouts Full call number Barcode Cost, replacement price Price effective from Koha item type Lost status Source of classification or shelving scheme Damaged status Not for loan Withdrawn status Home library Current library Date acquired Cost, normal purchase price Shelving location
06/06/2025   651.3 SAM DOM0001726 43200.00 06/06/2025 Books   Dewey Decimal Classification       CBE Dodoma CBE Dodoma 03/12/2025 14400.00  
06/06/2025   651.3 SAM DOM0003969 43200.00 06/06/2025 Books   Dewey Decimal Classification       CBE Dodoma CBE Dodoma 03/12/2025 14400.00  
07/01/2025   03/12/2025 DOM0004622 43200.00 07/01/2025 Books   Dewey Decimal Classification       CBE Dodoma CBE Dodoma 03/12/2025 14400.00 General Collection